Flok remedies for common ailments

Bibliographic Details
Main Author: McIntyre, Anne
Format: Book
Published: London : Gaia Books Ltd. , 1994
Subjects:

MARC

LEADER 00000cam a2200000 7i4500
001 0000008755
002 000009547
005 20000330.0
020 |a 1856750868 
090 0 0 |a 615.321   |b MCI 
100 1 |a McIntyre, Anne 
245 1 0 |a Flok remedies for common ailments   |c Anne McIntyre 
260 |a London :   |b Gaia Books Ltd. ,   |c 1994 
300 |a 93p. :   |b ill. ;   |c 24cm. 
650 0 0 |a Alternative medicine 
650 0 0 |a Traditional medicine 
999 |a 041893   |b BUKU   |c PINJAMAN   |e PERPUSTAKAAN KOMUNITI PETALING JAYA